عرض عادي
عرض مارك
- Hall, Carol,
مدخل إسم شخص
001 - رقم الضبط
- حقل الضبط: 10225
003 - معرف رقم الضبط
- حقل الضبط: OSt
005 - تاريخ ووقت أخر عملية
- حقل الضبط: 20120405214524.0
008 - عناصر بيانات ثابتة الطول
- حقل تحكم ثابت الطول: 120405|||a|||||| | ||| d
040 ## - مصدر الفهرسة
- هيئة الفهرسة الأصلية: OSt
- وكالة الكتابة: OSt
100 ## - مدخل -- أسم شخص
- إسم شخص: Hall, Carol,
- العنوان و الكلمات الأخري المرتبطة بالأسم: RGN.
670 ## - بيانات المصدر موجوده
- الاستشهاد بالمصدر: Work cat.: (OSt)0: Nursing knowledge & practice :, 2004.
